The alchemist : a fable about following your dream (Record no. 57313)
[ view plain ]
| 000 -LEADER | |
|---|---|
| fixed length control field | 00691nam a2200217Ia 4500 |
| 005 - DATE AND TIME OF LATEST TRANSACTION | |
| control field | 20260629163254.0 |
| 008 - FIXED-LENGTH DATA ELEMENTS--GENERAL INFORMATION | |
| fixed length control field | 260629s9999||||xx |||||||||||||| ||und|| |
| 020 ## - INTERNATIONAL STANDARD BOOK NUMBER | |
| International Standard Book Number | 9788172234980 |
| Qualifying information | pbk |
| 082 ## - DEWEY DECIMAL CLASSIFICATION NUMBER | |
| Classification number | 869.342 |
| Item number | COE |
| 100 ## - MAIN ENTRY--PERSONAL NAME | |
| Personal name | Coelho, Paulo |
| 245 #4 - TITLE STATEMENT | |
| Title | The alchemist : a fable about following your dream |
| 250 ## - EDITION STATEMENT | |
| Edition statement | 1st ed. 1988 ; English ed. 1993 ; Thorsons ed. 1995 ; 63rd imp. 2014 |
| 260 ## - PUBLICATION, DISTRIBUTION, ETC. | |
| Place of publication, distribution, etc. | Noida |
| Name of publisher, distributor, etc. | HarperCollins Publishers India |
| Date of publication, distribution, etc. | 1993 |
| 300 ## - PHYSICAL DESCRIPTION | |
| Extent | xiv, 161p. ; 20cm. |
| 653 ## - INDEX TERM--UNCONTROLLED | |
| Uncontrolled term | Alchemists—Fiction |
| 653 ## - INDEX TERM--UNCONTROLLED | |
| Uncontrolled term | Dreams—Fiction |
| 653 ## - INDEX TERM--UNCONTROLLED | |
| Uncontrolled term | Philosophical fiction |
| 653 ## - INDEX TERM--UNCONTROLLED | |
| Uncontrolled term | Self-realization—Fiction |
| 653 ## - INDEX TERM--UNCONTROLLED | |
| Uncontrolled term | Treasure troves—Fiction |
| 942 ## - ADDED ENTRY ELEMENTS (KOHA) | |
| Koha item type | Book |
| Withdrawn status | Lost status | Damaged status | Not for loan | Home library | Current library | Shelving location | Date acquired | Source of acquisition | Total Checkouts | Full call number | Barcode | Date last seen | Price effective from | Koha item type |
|---|---|---|---|---|---|---|---|---|---|---|---|---|---|---|
| LRC, IIT Indore | LRC, IIT Indore | 2nd Floor - General Stack | 29/06/2026 | Gratis Book Price: INR 299.00 | 869.342 COE | G2538 | 29/06/2026 | 29/06/2026 | Book |
